| 000 | 00418nam a22001817a 4500 | ||
|---|---|---|---|
| 003 | CEME | ||
| 005 | 20210628203451.0 | ||
| 008 | 210201b xxu||||| |||| 00| 0 eng d | ||
| 020 | _a969-35-1206-5 | ||
| 040 | _c. | ||
| 082 | _a891.4392 ASH | ||
| 100 |
_aAshfaq Ahmad _93162 |
||
| 245 | _aGuldan | ||
| 260 |
_aLAHORE _bSANG-E-MEEL _c2001 |
||
| 300 | _a328P | ||
| 650 |
_aURDU ADAB-DRAMAY _928466 |
||
| 942 |
_cBK _2ddc |
||
| 999 |
_c573786 _d573786 |
||